Geometry Dash Demon Progression Levels - Statistics

General Stats
  • This quiz has been taken 17 times
  • The average score is 54 of 422
Answer Stats
# Skill tested Answer % Correct
Sapphire 8 Ship Bloodbath
69%
The Hell Trilogy 2 Ship Bloodbath
69%
Platinum 6 Ship & Wave Cataclysm
63%
The Hell Trilogy 1 Ship & Wave Cataclysm
63%
Beginner 1 Overall iS
63%
Beginner 9 Speed Changes Speed Racer
63%
Beginner 7 Ship Clubstep
56%
Silver 6 Wave Nine Circles
56%
Platinum 1 Timings Acu
50%
Beginner 3 Wave Problematic
50%
Ruby 10 Wave Sonic Wave
50%
RGB 3 Wave Sonic Wave
50%
Sonic Wave Series 3 Wave Sonic Wave
50%
Bronze 10 Wave Deadlocked
44%
Ruby 2 Timings & Ship Erebus
44%
RGB 1 Timings & Ship Erebus
44%
Amethyst 9 Wave Sakupen Circles
44%
Amethyst 10 Ship & Timings Silent clubstep
44%
Amethyst 6 Wave & Ship Slaughterhouse
44%
List Demon Pack 5 Timings SlaughterHouse
44%
The Sonic Series 1 Overall Supersonic
44%
Onyx 11 Ship & Timings Tartarus
44%
GDDL 1 1 Timings The Nightmare
44%
Beginner 18 Overall Theory of Everything 2
44%
The Trusta Pack 4 Spam WOW
44%
Amethyst 7 Ship & Timings Acheron
38%
Emerald 14 Nerve Control Artificial Ascent
38%
Beginner 12 Nerve Control Death Moon
38%
Beginner 11 Ship & Wave DeCode
38%
Amethyst 5 Overall Firework
38%
List Demon Pack 3 Timings firework
38%
Beginner 16 Memorization MAYMORY
38%
Beginner 4 Fast Paced neXus
38%
Beginner 2 Fast Paced phjork
38%
The Plasma Pack 1 Overall Plasma Pulse
38%
Ruby 17 Duals & Wave Plasma Pulse Finale
38%
The Plasma Pack 4 Timings Plasma Pulse Finale
38%
Amber 17 Overall Plasma Pulse II
38%
The Plasma Pack 2 Overall Plasma Pulse II
38%
The Plasma Pack 3 Overall Plasma Pulse III
38%
Sapphire 17 Wave Sakupen Hell
38%
The Trusta Pack 1 Wave Sakupen Hell
38%
Sapphire 25 Overall SubSonic
38%
The Sonic Series 4 Overall SubSonic
38%
Beginner 14 Overall X
38%
Amethyst 11 Awkward Gameplay Abyss of Darkness
31%
Onyx 13 Ship & Wave arcturus
31%
List Demon Pack 4 Overall Arcturus
31%
Diamond 6 Ship & Nerve Control Bloodlust
31%
The Temple Series ΔΔΔ 2 Timings Fire Temple
31%
Platinum 15 Overall HyperSonic
31%
The Sonic Series 3 Overall HyperSonic
31%
Sapphire 11 Nerve Control Phobos
31%
Beginner 15 Nerve Control STARPUNK
31%
Onyx 8 Overall The Golden
31%
Amber 10 Overall UltraSonic
31%
The Sonic Series 2 Overall UltraSonic
31%
The Temple Series ΔΔΔ 1 Timings Water Temple
31%
The Coder Pack 2 Memorization wind
31%
Gold 1 Overall Windy Landscape
31%
Ruby 5 Nerve Control Yatagarasu
31%
The Trusta Pack 5 Nerve Control Yatagarasu
31%
RGB 2 Nerve Control Yatagarasu
31%
Amber 1 Timings Acropolis
25%
The Hell Trilogy 3 Ship & Wave aftermath
25%
Azurite 1 Wave Ashley Wave Trials
25%
Beginner 23 Fast Gamemode Switches Buried Angel
25%
Beginner 19 Wave Chaoz Impact
25%
Silver 19 Overall CraZy
25%
Amber 6 Wave Crimson Clutter
25%
Silver 17 Timings Deadly Clubstep
25%
Emerald 21 Overall Digital Descent
25%
The Temple Series ΔΔΔ 5 Timings Forest Temple
25%
Krtar and Lia 6 Timings Forest Temple
25%
Bronze 17 Wave & Ship HeLL
25%
The Temple Series ΔΔΔ 4 Timings Lava Temple
25%
Beginner 8 Flow Gameplay & Custom Orbs/Portals Meow
25%
Beginner 24 Overall Motion
25%
Amber 8 Overall Necropolis
25%
Diamond 2 Memorization Nhelv
25%
Memory Master 8 Memorization Nhelv
25%
Bronze 15 Wave Sakupen Egg
25%
The Temple Series ΔΔΔ 3 Timings & Memorization Shadow Temple
25%
Obsidian 6 Ship & Timings Silent Clubstep II
25%
Onyx 10 Wave Sonic Wave Infinity
25%
Sonic Wave Series 5 Wave Sonic Wave Infinity
25%
Design Pack 2 Overall the fairydust
25%
Bronze 9 Ship Toxic Sewers
25%
Silver 15 Memorization & Timings White Women
25%
Beginner 25 Ship & Ball wowzers holy
25%
Onyx 6 Nerve Control Zodiac
25%
Gold 8 Ship & UFO 8o
19%
Silver 5 Memorization & Wave Ascend
19%
Emerald 8 Timings Black Blizzard
19%
Sapphire 9 Overall Blade of Justice
19%
Krtar and Lia 10 Overall Blade of Justice
19%
Silver 4 Memorization Breakthrough
19%
Bronze 5 Overall Chaoz Airflow
19%
Silver 1 Wave Chaoz Airflow
19%
Beginner 13 Overall Cobalt Ruins
19%
Ruby 7 Overall Cybernetic Crescent
19%
The Temple Series ΔΔΔ 6 Overall Desert Temple
19%
Ruby 13 Fast Paced & Timings Gamma
19%
Sonic Wave Series 2 Wave Generic Wave
19%
Bronze 23 Best level in the game hell and heaven
19%
Bronze 11 Timings Hellcat
19%
Platinum 2 Awkward Gameplay & Ship ICE Carbon Diablo X
19%
Gold 4 Memorization & Wave Infrared
19%
The Lightwave Pack 1 Memorization & Wave Infrared
19%
Silver 13 Fast Paced in rainbows
19%
Bronze 14 Memorization INSERT COIN
19%
Onyx 5 Wave Kenos
19%
Diamond 1 Timings kowareta
19%
Diamond 9 Overall Lucid Nightmares
19%
Gold 15 Spider Magma Bound
19%
Bronze 20 Moving Gameplay Mechanical Showdown
19%
Bronze 21 Wave Nemesis
19%
Beginner 5 Ship & Timings NothinG
19%
Beginner 17 Nerve Control PsyWorm
19%
Bronze 24 Nerve Control Reanimation
19%
Diamond 8 Timings RUST
19%
Sonic Wave Series 4 Wave Sonic Wave Rebirth
19%
Bronze 8 Nerve Control Space Meow
19%
The Speedrun Pack 1 Timings speequ
19%
Silver 14 Memorization & Duals Ultra Drivers
19%
Bronze 16 Duals VeritY
19%
Gold 17 Ship & Timings X Adventure
19%
Platinum 7 Overall Allegiance
13%
Emerald 2 Overall Anoxysm
13%
Emerald 1 Ship & Wave Athanatos
13%
Sonic Wave Series 1 Wave Auditory Breaker
13%
Bronze 12 Ship & Timings Bassboost
13%
XXL 5 6:41 Boogie
13%
Emerald 23 Wave Catalyze
13%
Gold 10 Wave & Timings CHROMA
13%
Silver 3 Fast Paced Coarse
13%
Diamond 14 Wave & Ship Crimson Planet
13%
Silver 10 Overall Curse Calling
13%
Amber 16 Timings Cyber Chaos
13%
Silver 7 UFO & Robot Dance Massacre
13%
Beginner 21 Fast Gamemode Switches Desolate Deep
13%
Azurite 7 Awkward Gameplay Element 111 Rg
13%
Bronze 2 Wave & Memorization Fear Me
13%
Gold 20 Timings Firewall
13%
Diamond 13 Timings Fragile
13%
GDDL 2 3 Nerve Control & Duals Future Funk
13%
The Lightwave Pack 3 Wave & Ship Gammaray
13%
Rjanskdkdorjwbosejwk 6 Ship & Wave GewErbiX
13%
Amber 7 Fast Paced Gumshot
13%
Gold 5 Ship & Wave Interstellar Infant
13%
Emerald 18 Memorization Killbot
13%
Memory Master 6 Memorization Killbot
13%
Amber 9 Fast Paced Leyak
13%
Emerald 22 Overall Lucid Chaos
13%
Silver 20 Memorization Mastermind
13%
Platinum 24 Timings NecropoliX
13%
Gold 13 Ship Night Terrors
13%
Emerald 17 Nerve Control Omicron
13%
Ruby 19 Overall Ouroboros
13%
Beginner 22 Ship & Wave Outbreak
13%
Gold 9 Wave Poltergeist
13%
Onyx 2 Ship Promethean
13%
Gold 2 Ship & Wave Psychosis
13%
Silver 2 Overall Radioactive
13%
Amber 12 Overall Rampage
13%
Bronze 22 Fast Paced Red Haze
13%
Sapphire 2 Swingcopter & Ship Red World Rebirth
13%
Onyx 3 Overall Renevant
13%
Gold 23 Ship & Wave Sadism
13%
Onyx 1 Timings & Ship SARY NEVER CLEAR
13%
Silver 16 Memorization Sedulous
13%
Ruby 11 Timings & Wave Sink
13%
Gold 21 Nerve Control Sleepless
13%
Gold 7 Fast Paced & Timings TENDO
13%
Bronze 13 Wave Tengu Wind
13%
Silver 23 Overall The Caverns
13%
Amber 25 Nerve Control & Duals The End
13%
The AeonAir Pack 7 Ship & Fast Paced To The Stars
13%
The AeonAir Pack 10 Ship & Timngs To The Stars II
13%
Platinum 4 Memorization troll level
13%
The Lightwave Pack 2 Overall Ultraviolet
13%
Onyx 7 Overall Verdant Landscape
13%
Ruby 14 Fast Paced Wasureta
13%
Silver 18 Overall Zap
13%
Bronze 6 Overall Zircon
13%
Japan Pack 6 Timings Ainoseikatsu
6%
Amber 4 Overall Apache
6%
Obsidian 5 Wave Aquamarine
6%
Ruby 16 Wave Aquatic Auroras
6%
Silver 12 Memorization & Spider ARANEO
6%
Amber 2 Fast Paced & Duals Arcane
6%
Diamond 3 Wave Arctic Lights
6%
Sapphire 14 Fast Paced & Nerve Control Artifice
6%
Platinum 14 Ship & Wave Artificial Dream
6%
Silver 21 Wave At The Top
6%
Emerald 11 Wave Balengu Vortex
6%
The Speedrun Pack 2 Timings Ballin
6%
Bronze 18 Overall Based
6%
Emerald 9 Wave Berserk
6%
The Trusta Pack 3 Wave Berserk
6%
Biohazard Pack 6 Ship & UFO Biohazard
6%
Amber 15 Wave & Timings Blaster
6%
Gold 16 Nerve Control Blast Furnace
6%
Sapphire 5 Timings Carcano
6%
Sapphire 24 Nerve Control Carnage Mode
6%
Emerald 5 Wave & Timings CHROMA II
6%
Diamond 10 Timings Cognition
6%
Bronze 4 Overall Collapse
6%
Gold 19 Fast Paced & Duals Cursed Nightmare
6%
Meme Pack 3 Nerve Control Dank Travle
6%
Ruby 1 Nerve Control Dark Flare
6%
Amethyst 1 Wave & Ship Diabolic ClubStep
6%
Silver 25 Overall Diffuse
6%
Emerald 10 Fast Paced & Wave distraught
6%
Sapphire 20 Timings Dolos
6%
Azurite 5 Overall Doom Fractal
6%
XXL 4 7:30 Dream Travel
6%
Ruby 15 Ship & Timings Eternal Moment
6%
Silver 22 Nerve Control Eternelle Vehemence
6%
Emerald 15 Overall Ethereal Artifice
6%
Gold 11 Overall EXG
6%
GDDL 1 4 Overall Extinction
6%
Gold 12 Memorization FFFFFF
6%
Amber 13 Duals & Timings Fiber
6%
Gold 25 Wave Flat Major
6%
Platinum 5 Timings & Wave Forbidden Isle
6%
The Coder Pack 8 Fast Paced & Timings Freedom19
6%
Amber 3 Memorization Free Level
6%
Ruby 18 Timings Frozen Cave
6%
Sapphire 12 Nerve Control Fusion Z
6%
Design Pack 5 Wave & Ship Future demoness
6%
Amber 23 Overall Galaxy Breaker
6%
GDDL 1 6 Fast Paced & Ship Gold Temple
6%
Ruby 6 Memorization GONER
6%
Meme Pack 1 Wave & Ship Gotta Go FAST
6%
Bronze 19 Timings Gy
6%
Gold 22 Wave Heritage
6%
Gold 24 2 Player Mode Horntail Cave
6%
Emerald 6 Wave Hyper Paradox
6%
XXL 3 9:26 Hypnotic Travel
6%
Meme Pack 2 Overall If Among US Was Lv 2
6%
Platinum 9 Overall Incipient
6%
Sapphire 13 Wave & Ship INNARDS
6%
Amethyst 2 Wave & Cube INNARDS (Unnerfed)
6%
Meme Pack 4 Overall Jajagarasu
6%
Japan Pack 4 Nerve Control Japan Modern Thing
6%
Sapphire 7 Overall Just DANCE
6%
Emerald 4 Timings Low Death
6%
Memory Master 2 Memorization Maybe Possibly Thing
6%
Platinum 12 Overall MELTDOWN
6%
Amber 14 Memorization MINDBREAKER
6%
Platinum 11 Timings & Nerve Control Misty Mountains
6%
Platinum 13 Overall Napalm
6%
The AeonAir Pack 2 UFO neon sawblade
6%
Bronze 3 Ship Nitrogen
6%
Silver 24 Overall Njorun
6%
Onyx 12 Timings Oblivion
6%
Amber 20 Wave & Spider Optic daydream
6%
Japan Pack 5 Nerve Control Osaka Nights
6%
Platinum 10 Overall Precipitance
6%
Emerald 13 Timings Quantum Processing
6%
Memory Master 7 Memorization Requiem
6%
Bronze 25 Ship & Wave Resurrection
6%
Platinum 19 Timings & Duals Retention
6%
Platinum 17 Flow Gameplay & Wave Reverence
6%
Bronze 7 Timings Section
6%
Onyx 4 Overall Shukketsu
6%
Ruby 12 Overall Spacial Rend
6%
List Demon Pack 2 Overall Spacial Rend
6%
Silver 11 Wave & Ship Sparkling Hope
6%
Emerald 20 Timings & Ship Stalemate Redux
6%
Amber 18 Nerve Control Subterranean Animism
6%
Memory Master 5 Memorization super probably level
6%
Amber 5 Fast Paced Swirling Fire
6%
Bronze 1 Overall System Split
6%
Beginner 6 Overall Tabasco
6%
Emerald 25 Timings & Ship & Wave Tapwreck
6%
GDDL 1 10 ΔΔΔ <3 Temple of Time
6%
XXL 1 11:20 The Long Walk Home
6%
Obsidian 4 Wave The Nautical (Unnerfed)
6%
The AeonAir Pack 1 Ship time pressure
6%
Emerald 24 Wave & Ship Timor
6%
Ruby 3 Nerve Control Titan Complex
6%
GDDL 2 1 Overall TOE III
6%
Biohazard Pack 2 Fast Paced Toxin Lab II
6%
Biohazard Pack 4 Memorization Toxin Lab IV
6%
Onyx 9 Wave & Ship Trueffet
6%
Amber 21 Timings & Memorization Ulon
6%
Beginner 20 Ship & Wave Virtualization
6%
Platinum 22 Nerve Control Volume
6%
Beginner 10 Overall Voyager
6%
Emerald 7 Memorization & Wave Ziroikabi
6%
Art Pack 1 Timings AIR SUPPLY
0%
GDDL 2 4 Unique Gameplay Aleph 0
0%
Sapphire 22 Overall Anahita
0%
The AeonAir Pack 9 Ship & UFO Antimatter
0%
Diamond 4 Timings Aronia
0%
Platinum 18 Ship & Duals Awakening Horus
0%
1.9 GDPS Pack 5 Wave Azurite
0%
Amber 19 Nerve Control Beetle
0%
Design Pack 4 Nerve Control Bitcrunch
0%
Rjanskdkdorjwbosejwk 3 Ship & Memory bJjflBrhObvgrHu
0%
Art Pack 2 Nerve Control Blizzard
0%
Tech Pack 2 Overall Broken Gameboy
0%
Tech Pack 6 Overall Broken Signal
0%
Rjanskdkdorjwbosejwk 2 Ship brpm8zgkrj
0%
XXL 2 7:00 By Day By Night
0%
Diamond 12 Nerve Control Calculator Core
0%
The Coder Pack 3 Swingcopter & Ship Call Me Maybe
0%
Azurite 4 Ship & Wave Call of the Void
0%
Ruby 4 Ship Cersia Difficult
0%
The AeonAir Pack 8 Ship ClubForce
0%
Diamond 11 Timings & Wave Cold Sweat
0%
List Demon Pack 1 Overall Cold Sweat II
0%
GDDL 2 6 Ship Colorful Overnight
0%
Sapphire 1 Overall Concaved Memories
0%
Emerald 12 Overall Crystal
0%
Tech Pack 4 Ship Cyber Abyss
0%
Sapphire 19 Timings DARKENED
0%
Platinum 20 Fast Paced Daydream
0%
Krtar and Lia 2 Timings Deadly Impact
0%
Emerald 19 Overall Delta Interface
0%
Krtar and Lia 4 Nerve Control Dem Travel
0%
Platinum 25 Nerve Control Digital Disarray
0%
Silver 9 Duals Double Dashc
0%
Obsidian 3 Overall Dystopia
0%
Amber 22 Fast Paced & Timings Elysian Aegis
0%
1.9 GDPS Pack 1 Overall energy overflow
0%
Amethyst 4 Wave & Ship Eudemonic
0%
Gold 14 Spider & Ship Expire
0%
Sapphire 18 Timings Falcon16
0%
The Speedrun Pack 5 Timings Feral
0%
Amethyst 3 Wave & Timings Forsaken Hell
0%
The AeonAir Pack 4 Overall FunkStep
0%
Tech Pack 3 Learny Futuristic D
0%
Japan Pack 2 Overall Good Vibes
0%
Krtar and Lia 1 Timings gritch gremlin
0%
Sapphire 15 Wave Hateful Reflection
0%
Platinum 21 Fast Paced HURRICANE
0%
Krtar and Lia 5 Nerve Control ILLUSION OF SPACE
0%
Art Pack 6 Timings I NEVER DREAM
0%
Krtar and Lia 9 Nerve Control Karma
0%
GDDL 2 7 Duals Lunatic Doom Machine
0%
The AeonAir Pack 5 Ship & Memorization MADHOUSE
0%
Memory Master 4 Memorization MadMansion
0%
Japan Pack 1 Timings maki roll
0%
Azurite 3 Overall Malediction
0%
Platinum 23 Nerve Control Mandragora
0%
Amethyst 8 Awkward Gameplay Maniacal Chains
0%
Memory Master 3 Memorization Marathon
0%
Tech Pack 1 Overall Mindfrick
0%
Sapphire 4 Ship & Wave moment
0%
Amber 24 Timings MOTHMELONS
0%
Obsidian 2 Wave & Ship Natural Disaster
0%
Sapphire 3 Memorization Niflheim
0%
GDDL 2 9 Overall Night Life
0%
The Coder Pack 7 Overall Night Life
0%
Sapphire 16 Duals Novalis
0%
The Speedrun Pack 3 Overall nyoom
0%
GDDL 2 2 Fast Paced ObamA RebirtH
0%
Diamond 5 Wave & Ship Omega Interface
0%
Meme Pack 5 Memorization One
0%
GDDL 1 8 Timings One Space
0%
Platinum 8 Overall Penombre
0%
The AeonAir Pack 6 Memorization Possessed
0%
Sapphire 6 Timings & Wave Prismatic Haze
0%
The AeonAir Pack 3 Overall project EX
0%
1.9 GDPS Pack 4 Nerve Control Project Reunion
0%
Silver 8 Overall prompt
0%
Art Pack 5 Overall PURGATORY
0%
Gold 3 Overall Pyromaniac
0%
GDDL 2 8 Ship & Duals Quest for Perfection
0%
Ruby 8 Memorization RANDOM ACCESS MEMORY
0%
Sapphire 21 Fast Paced & Timings RASH
0%
Platinum 16 Flow Gameplay & Wave Reflective
0%
Krtar and Lia 3 Overall Resurgance
0%
The Trusta Pack 2 Ship & Duals Revolt
0%
1.9 GDPS Pack 2 Overall Rewind
0%
Biohazard Pack 5 Ship Rupture
0%
Art Pack 3 Timings SCAM OF THE CENTURY
0%
Design Pack 3 Nerve Control Scatterbrains
0%
GDDL 2 5 Fast Paced SFW
0%
The Coder Pack 4 Endurance Shiryou (WIP)
0%
Sapphire 23 Overall Shock Therapy
0%
Design Pack 1 Timings Shock Therapy
0%
Ruby 9 Overall Shutdown
0%
Sapphire 10 Timings & Ship Sigma Interface
0%
List Demon Pack 6 Ship & Timings Silentium Gradas
0%
GDDL 1 3 Timings & Fast Paced Sky Tower
0%
GDDL 1 2 Overall Slap Squad II
0%
Krtar and Lia 8 Memorization SourCream II
0%
The Coder Pack 6 Timings & Duals Space Invaders II
0%
Tech Pack 5 Learny & Fast Paced Spacelocked II
0%
Amber 11 Wave & Fast Paced Spectral Tentation
0%
The Speedrun Pack 4 Timings spwipi
0%
The Coder Pack 5 Nerve Control Step Aside
0%
Emerald 16 Nerve Control Step To Hell
0%
Azurite 6 Wave Subsuming Vortex
0%
Rjanskdkdorjwbosejwk 1 Overall Supercalifragilistic
0%
Emerald 3 Nerve Control Surge of the Shield
0%
Rjanskdkdorjwbosejwk 4 Ship SW50ZXJzdGVsbGFy
0%
Obsidian 1 Wave & Timings Sweeping Demon II (Unnerfed)
0%
GDDL 1 9 Nerve Control Techno Punk
0%
1.9 GDPS Pack 3 Timings TENTEN
0%
Platinum 3 Flow & Timings Thanatophobia
0%
Gold 6 Awkward Gameplay & Swingcopter The Four Elementa
0%
GDDL 1 7 Wave The Realistic
0%
Diamond 7 Ship & Wave The Rupture
0%
Diamond 15 Awkward Gameplay Thinking Space
0%
Azurite 2 Overall Through The Gates
0%
The Coder Pack 1 Wave TideStep
0%
Japan Pack 3 Fast Paced Tohru
0%
Design Pack 6 Wave & Timings Torgue
0%
Biohazard Pack 1 Overall Toxic Subway
0%
Biohazard Pack 3 Ship Toxin Sewers
0%
Memory Master 1 Memorization Triple Six
0%
Krtar and Lia 7 Timings Turbo Overdrive
0%
GDDL 1 5 Wave Ultimate Circles
0%
Meme Pack 6 Overall UltraSans
0%
Gold 18 Overall Valhalla
0%
Art Pack 4 Timings widder
0%
Rjanskdkdorjwbosejwk 5 Fast Gameplay & Timings YMTHLYFYMBIKWHRLYF
0%
No matching quizzes found
Score Distribution
Percent of People with Each Score
Percentile by Number Answered
Your Score History
You have not taken this quiz